000 00600nam a22002057a 4500
003 0
005 20241026100647.0
008 241026b xxu||||| |||| 00| 0 eng d
020 _a9781641730232
050 _aQA 76.9
_b.Sp65 2024
100 _aSpiner, Ken,
_eauthor.
245 _aFundamentals of computer architecture /
_cKen Spiner.
260 _aNew York, NY :
_bLarsen & Keller,
_c2024.
300 _aviii, 229 p. :
_bcol. ill. ;
_c27 cm.
490 _aTextbook Series.
504 _aIncludes index.
650 _aComputer architecture.
650 _aComputer engineering.
942 _2lcc
_cBK
999 _c366624
_d366624